| 000 | 00942cam a22003137a 4500 | ||
|---|---|---|---|
| 003 | CHAP | ||
| 005 | 20220329142738.0 | ||
| 008 | 030508d2001 us r 00010 eng d | ||
| 010 | _a87173 | ||
| 011 | _a88145 | ||
| 020 | _a0849312191 | ||
| 035 | _a98690 | ||
| 040 | _cCHAP | ||
| 082 | 0 | 4 |
_a664.729 _bO9 |
| 100 | 0 | 0 |
_aOwens, Gavin. _984439 |
| 245 | 1 | 0 |
_aCereals processing technology _c/ed. by Gavin Owens |
| 260 |
_aBoca Raton : _bCRC Press, _c2001. |
||
| 300 | _a238 p. | ||
| 590 |
_aBATCH-UPD _b10 _c20130110 _lUCH01 _h0429 |
||
| 590 |
_aBATCH-UPD _b10 _c20130410 _lUCH01 _h0104 |
||
| 590 |
_aBATCH-UPD _b10 _c20130914 _lUCH01 _h0915 |
||
| 590 |
_aCONVERSION _b10 _c20130109 _lUCH01 _h1348 |
||
| 650 | 0 | 4 |
_aCereales _xProcesado. _921454 |
| 650 | 0 | 4 |
_aCereales _xProducción. _921456 |
| 901 | _aBK | ||
| 905 | _aAlejandra Carrasco M. | ||
| 942 | _cLIBRO | ||
| 949 |
_a664.729 O9 _bBC _cLIBRO _d33724000893756 _eLIBRO _h103590 _i98690 _kI.217054 _si |
||
| 999 |
_c87173 _d87173 |
||